| 000 | 00520nam a2200169 i 4500 | ||
|---|---|---|---|
| 001 | 80040 | ||
| 003 | ES-MaACL | ||
| 005 | 20230906174120.0 | ||
| 007 | t| | ||
| 008 | 041026s1965 sp ||||1| spa d | ||
| 100 | 1 |
_aHevi, Emmanuel John. _963503 |
|
| 245 | 1 | 3 |
_aUn estudiante africano en China / _cEmmanuel John ; [versión española de Gabino Pascual Arranz]. |
| 260 |
_aBarcelona : _bHerder, _c1965. |
||
| 300 |
_a293 p. ; _c20 cm. |
||
| 700 | 1 |
_aPascual Arranz, Gabino. _989369 |
|
| 852 |
_aES-MaACL _jF-7275 _bR.56651 |
||
| 999 |
_c80040 _d80040 |
||